<?xml version="1.0" encoding="UTF-8"?>
<record
    xmlns:xsi="http://www.w3.org/2001/XMLSchema-instance"
    xsi:schemaLocation="http://www.loc.gov/MARC21/slim http://www.loc.gov/standards/marcxml/schema/MARC21slim.xsd"
    xmlns="http://www.loc.gov/MARC21/slim">

  <leader>01220nam a2200313 a 4500</leader>
  <controlfield tag="001">000019441</controlfield>
  <controlfield tag="005">20240313182403.0</controlfield>
  <controlfield tag="008">100629t2003    sp ach        001 0bspa d</controlfield>
  <datafield tag="020" ind1=" " ind2=" ">
    <subfield code="a">8484038734</subfield>
  </datafield>
  <datafield tag="040" ind1=" " ind2=" ">
    <subfield code="a">DO-SdBNP</subfield>
    <subfield code="b">spa</subfield>
    <subfield code="c">BNPHU</subfield>
  </datafield>
  <datafield tag="082" ind1=" " ind2=" ">
    <subfield code="a">923.9</subfield>
    <subfield code="b">C719c</subfield>
  </datafield>
  <datafield tag="245" ind1="0" ind2="0">
    <subfield code="a">Crist&#xF3;bal Col&#xF3;n /</subfield>
    <subfield code="c">Direcci&#xF3;n de la obra Francisco Luis Cardona Castro ; Cordinadores Manuel Gim&#xE9;nez Saurina, Manuel Mas Franch, Miguel Gim&#xE9;nez Saurina.</subfield>
  </datafield>
  <datafield tag="260" ind1=" " ind2=" ">
    <subfield code="a">Madrid :</subfield>
    <subfield code="b">Edimat Libros,</subfield>
    <subfield code="c">2003.</subfield>
  </datafield>
  <datafield tag="300" ind1=" " ind2=" ">
    <subfield code="a">190 p. :</subfield>
    <subfield code="b">il., facs&#xED;ms., retr. ;</subfield>
    <subfield code="c">24 cm.</subfield>
  </datafield>
  <datafield tag="490" ind1="1" ind2=" ">
    <subfield code="a">Grandes biograf&#xED;as</subfield>
  </datafield>
  <datafield tag="500" ind1=" " ind2=" ">
    <subfield code="a">Incluye cronolog&#xED;a de la &#xE9;poca.</subfield>
  </datafield>
  <datafield tag="504" ind1=" " ind2=" ">
    <subfield code="a">Bibliograf&#xED;a sobre Col&#xF3;n : p. 6-7.</subfield>
  </datafield>
  <datafield tag="600" ind1=" " ind2="0">
    <subfield code="a">COL&#xD3;N, CRISTOBAL,</subfield>
    <subfield code="d">1436-1456</subfield>
    <subfield code="9">19795</subfield>
  </datafield>
  <datafield tag="600" ind1="1" ind2="4">
    <subfield code="a">COL&#xD3;N, CRIST&#xD3;BAL</subfield>
    <subfield code="d">1451-1506</subfield>
    <subfield code="x">VIAJES</subfield>
    <subfield code="9">18590</subfield>
  </datafield>
  <datafield tag="650" ind1=" " ind2="4">
    <subfield code="a">Exploradores</subfield>
    <subfield code="z">Am&#xE9;rica</subfield>
    <subfield code="x">Biograf&#xED;as</subfield>
    <subfield code="9">24585</subfield>
  </datafield>
  <datafield tag="650" ind1=" " ind2="4">
    <subfield code="a">Am&#xE9;rica</subfield>
    <subfield code="x">Descubrimiento y exploraciones</subfield>
    <subfield code="9">20820</subfield>
  </datafield>
  <datafield tag="700" ind1="1" ind2=" ">
    <subfield code="a">Cardona Castro, Francisco Luis,</subfield>
    <subfield code="d">dir.</subfield>
    <subfield code="9">41737</subfield>
  </datafield>
  <datafield tag="700" ind1="1" ind2=" ">
    <subfield code="a">Gim&#xE9;nez Saurina, Manuel</subfield>
    <subfield code="9">41723</subfield>
  </datafield>
  <datafield tag="700" ind1="1" ind2=" ">
    <subfield code="a">Mas Franch, Manuel</subfield>
    <subfield code="9">41724</subfield>
  </datafield>
  <datafield tag="700" ind1="1" ind2=" ">
    <subfield code="a">Gim&#xE9;nez Saurina, Miguel</subfield>
    <subfield code="9">41725</subfield>
  </datafield>
  <datafield tag="830" ind1=" " ind2="0">
    <subfield code="a">Grandes biograf&#xED;as</subfield>
    <subfield code="9">11230</subfield>
  </datafield>
  <datafield tag="910" ind1=" " ind2=" ">
    <subfield code="a">Validado. Control de calidad EMS.</subfield>
  </datafield>
  <datafield tag="049" ind1=" " ind2=" ">
    <subfield code="a">BNPD</subfield>
  </datafield>
  <datafield tag="952" ind1=" " ind2=" ">
    <subfield code="0">0</subfield>
    <subfield code="1">0</subfield>
    <subfield code="5">0</subfield>
    <subfield code="7">1</subfield>
    <subfield code="8">MO</subfield>
    <subfield code="a">GR</subfield>
    <subfield code="b">GR</subfield>
    <subfield code="c">HD</subfield>
    <subfield code="d">2010-06-29</subfield>
    <subfield code="i">LF1</subfield>
    <subfield code="l">0</subfield>
    <subfield code="o">923.9 C719c</subfield>
    <subfield code="p">19441-10</subfield>
    <subfield code="r">2020-06-25</subfield>
    <subfield code="w">2020-06-25</subfield>
    <subfield code="y">1</subfield>
    <subfield code="Z">No se presta</subfield>
  </datafield>
  <datafield tag="999" ind1=" " ind2=" ">
    <subfield code="c">18957</subfield>
    <subfield code="d">18957</subfield>
  </datafield>
</record>
